Aprender y enseñar: Los estilos de aprendizaje y de enseñanza desde la práctica de aula

Bewaard in:
Bibliografische gegevens
Hoofdauteur: Martínez Geijo, Pedro (autor)
Formaat: Boek
Taal:Spaans
Gepubliceerd in: Bilbao Mensajero 2007
Reeks:Recursos e Instrumentos Psicopedagógicos, 49
Onderwerpen:
Tags: Voeg label toe
Geen labels, Wees de eerste die dit record labelt!

MARC

LEADER 00000nam a2200000 a 4500
001 UCH3761
003 CL-VaPUC
008 090813e20070000SP |||||||||||||||||spa|d
020 |a 9788427129207 
082 0 4 |a 370.15  |b MAR  |2 21 
100 |a Martínez Geijo, Pedro  |e autor  |9 539249 
245 1 0 |a Aprender y enseñar: Los estilos de aprendizaje y de enseñanza desde la práctica de aula 
300 |a 198 p 
942 |c BK 
945 |d 20090813 00:00:00  |a dcastane 
260 |a Bilbao  |b Mensajero  |c 2007 
650 0 |a Aprendizaje   |9 254827 
650 0 |a Cognición   |9 270347 
650 0 |a Procesos mentales superiores  |9 330839 
650 0 |a Procesos de aprendizaje  |9 309161 
650 0 |a Métodos de enseñanza  |9 270413 
583 |a last modification  |c 20120627 01:08:51  |k Rodrigo Vera 
490 0 |a Recursos e Instrumentos Psicopedagógicos, 49 
999 |c 335194  |d 335192 
952 |0 0  |1 0  |4 0  |6 370_150000000000000_MAR_2007  |7 0  |8 A  |9 424874  |a BIBHIS  |b BIBHIS  |d 2019-11-22  |i 458922K  |o 370.15 MAR 2007  |p 458922K  |r 2025-01-20  |w 2019-11-22  |y BK  |k HIS